| 000 | 00764nam a2200229 a 4500 | ||
|---|---|---|---|
| 001 | 000022164 | ||
| 005 | 20260305073955.0 | ||
| 008 | 100917s1977 ve 000 0 spa d | ||
| 040 |
_aDO-SdBNP _bspa _cBNPHU |
||
| 082 |
_a987.04 _bB641v |
||
| 100 | 1 |
_aBlanco, Eduardo, _d1838-1912. _939340 |
|
| 245 | 1 | 0 |
_aVenezuela heróica / _cEduardo Blanco. |
| 260 |
_a[Caracas], Venezuela : _bMonte Avila Editores, _c1977. |
||
| 300 |
_av. ; _c16 cm. |
||
| 490 | 1 | _aManuales y Monografías | |
| 500 | _aLa biblioteca sólo posee el volumen 1. | ||
| 600 | 1 | 0 |
_aBolívar, Simón, _d1783-1830 _9253 |
| 650 | 4 |
_aVenezuela _xHistoria _yGUERRA DE INDEPENDENCIA 1810-1823 _945864 |
|
| 651 | 4 |
_aVenezuela _xHistoria _93660 |
|
| 830 | 0 |
_aManuales y Monografías _926221 |
|
| 049 | _aBNGR | ||
| 999 |
_c21662 _d21662 |
||